| 000 | 00600nam a22001937a 4500 | ||
|---|---|---|---|
| 003 | NUST | ||
| 005 | 20250618112943.0 | ||
| 008 | 171002b xxu||||| |||| 00| 0 eng d | ||
| 040 | _cNUST | ||
| 082 | _a200 | ||
| 100 |
_aAkram,Adnan _95129 |
||
| 245 |
_aAssessing the Impact of Natural Disasters on Human Development Index in the Most Affected Countries/ _cAdnan Akram |
||
| 260 |
_aIslamabad _c2017 _bS3H NUST. |
||
| 300 | _a58p | ||
| 600 |
_xMS-Economics _9127866 |
||
| 700 | _4Supervisor: Dr. Faisal Jamil | ||
| 856 | _uhttp://10.250.8.41:8080/xmlui/handle/123456789/3665 | ||
| 942 |
_2ddc _cSC |
||
| 999 |
_c331495 _d331495 |
||